[Event "El Prat de Llobregat op 4th"]
[Site "El Prat de Llobregat"]
[Date "2023.03.17"]
[Round "7"]
[White "Ysern Comas, Juan Antonio"]
[Black "Martinez Garcia, Javier"]
[Result "1-0"]
[WhiteElo "1547"]
[BlackElo "1534"]
[PlyCount "55"]
[EventDate "2023.02.03"]
[EventType "swiss"]
[EventRounds "9"]
[EventCountry "ESP"]
[SourceTitle "EXT 2024"]
[Source "ChessBase"]
[SourceDate "2023.10.10"]
[SourceVersion "1"]
[SourceVersionDate "2023.10.10"]
[SourceQuality "1"]

1. d4 Nf6 2. c4 g6 3. Nc3 Bg7 4. e4 d6 5. Nf3 0-0 6. Bd3 Nbd7 7. 0-0 e5 8. d5 Nc5 9. Bc2 a5 10. h3 Nh5 11. Bg5 Qd7 12. Nh4 h6 13. Be3 Qe7 14. Nf3 b6 15. Nd2 f5 16. exf5 Bxf5 17. Bxf5 Nf4 18. Bxf4 gxf5 19. Bh2 Qg5 20. Nf3 Qf6 21. Nb5 Rf7 22. Rb1 e4 23. Nfd4 Nd3 24. f3 Nc5 25. fxe4 Nxe4 26. Rxf5 Qh4 27. Qe1 Ng3 28. Qxg3 1-0